000
00325nam a2200133Ia 4500
008
191201s2012 xx 000 0 und d
100
_a
PUNMIA, BC and others
245
0
_a
Mechanics of Materials
250
_a
rEP
260
_a
N. delhi
_b
Laxmi Publications
_c
2012
300
_a
952
650
_a
B.Tech(ME)
942
_2
ddc
_c
BK
999
_c
5616
_d
5616